| 000 | 01130cam a2200289 4500 | ||
|---|---|---|---|
| 001 | ABS63037 | ||
| 008 | 000000n2000 000 0 eng u | ||
| 035 | _a(Sirsi) u108898 | ||
| 245 | _aEuropean property markets - a forward look | ||
| 260 | _c2000 | ||
| 490 |
_aProperty Forecast _v3 (10) October 2000 10-12(3) |
||
| 520 | _aThe European property markets are enjoying a full and sustained recovery. With high levels of occupier and investment demand, they are currently producing excellent returns for investors. Looks at the future prospects for these markets, and suggests that most will enjoy steady rental growth over the next year. Looks at the conditions facing key European Property Markets: UK, Germany, Netherlands, Belgium, France, Spain and Portugal. Tables. | ||
| 590 | _aABS | ||
| 650 | _aPROPERTY MARKETS | ||
| 650 | _aUNITED KINGDOM | ||
| 650 | _aNETHERLANDS | ||
| 650 | _aGERMANY | ||
| 650 | _aBELGIUM | ||
| 650 | _aFRANCE | ||
| 650 | _aSPAIN | ||
| 650 | _aPORTUGAL | ||
| 650 | _aFUTURE | ||
| 650 | _aFORECASTS | ||
| 650 | _aECONOMY | ||
| 690 | _aINTERNATIONAL-EUROPE | ||
| 942 | _n0 | ||
| 999 |
_c65014 _d65014 |
||